Historyczna Prawda czy Fałsz - Statystyki

Ogólne statystyki
  • Ten quiz został rozwiązany 1 399 razy
  • Średni wynik to 12 z 18
Statystyki odpowiedzi
Zagadnienie Odpowiedź % Poprawnych
Ludzie byli częściowo odpowiedzialni za wyginięcie dinozaurów Fałsz
90%
Proch został wynaleziony w Chinach Prawda
87%
Kalifornia i Teksas były kiedyś częścią Meksyku Prawda
79%
Irlandia została podbita i skolonizowana przez starożytnych Rzymian Fałsz
77%
Sokrates zginął w bitwie Fałsz
76%
Chiny brały udział w 2 wojnie światowej Prawda
74%
Pomidory pierwotnie pochodziły z Nowego Świata Prawda
73%
Kolumb był pierwszym Europejczykiem który dotarł do Ameryki Fałsz
70%
Arystokrata żyjący w Petersburgu (Rosja) w XIX wieku miałby mówić płynnie po francusku Prawda
70%
Izrael został zaatakowany przez wszystkie cztery sąsiadujące z nim państwa Prawda
67%
Istnieją zdjęcia (bardzo starego) George'a Washingtona Fałsz
61%
Naziści okupowali Grecję podczas 2 wojny światowej Prawda
61%
Saksofon został wynaleziony przez Adolphe'a Sax'a Prawda
59%
Wielka Piramida w Gizie jest jedynym starożytnym Cudem Świata, który wciąż istnieje Prawda
59%
Dokumenty napisane w klasycznej grece nie zawierają spacji między słowami Prawda
55%
Beethoven wpłynął na twórczość Bacha Fałsz
54%
Większość uczonych uważa obecnie, że Szekspir nie napisał większości sztuk, które noszą jego imię Fałsz
42%
Inkowie mieli język pisany przed kontaktem z Europejczykami Fałsz
35%
Nie znaleziono quizów pasujących do podanych kryteriów
Rozkład punktacji
Procent ludzi z każdym wynikiem
Percentyl według liczby udzielonych odpowiedzi
Twoja historia wyników
Nie rozwiązałeś tego quizu